000 00766nam a2200241 a 4500
008 170224e1995 ag ||||| |||| 00| 0 spa d
020 _a9507860800
041 _aspa
092 _c100
_l66
_sPER
100 1 _aPérez Lindo, Augusto
_93167
245 _aMutaciones.
_bEscenarios y filosofias del cambio de mundo /
_cAugusto Pérez Lindo
250 _a1a ed.
260 _aBuenos Aires:
_bBiblos;
_c1995.
300 _a265 p.
500 _aPérez Lindo, A. (1995). Mutaciones. Escenarios y filosofías del cambio de mundo. (1a ed.). Buenos Aires : Biblos.
590 _aDonacion Dra. Dora Vera 2017
653 _aFilosofia
653 _aContextos historicos
653 _aEscenarios
653 _aHomo mutantis
653 _aNuevo mundo
942 _2ddc
_cBK
999 _c2340
_d2340